00221nam a2200097Ia 4500008004100000041000800041100001800049245003900067260000900106300000800115230724s1999 xx und d aeng aRACHNAVALI R. aTHE WATERFALL RABINDRANATH TAGORE. c1999 a108